|
|
|
|
| LEADER |
01014nam a2200241 a 4500 |
| 001 |
2519526 |
| 008 |
091117s1991 bg a b 000 0 eng d |
| 010 |
|
|
|a \\\92903311
|
| 040 |
|
|
|a DLC
|c DLC
|d DLC
|
| 082 |
0 |
0 |
|a 627/.52
|2 20
|
| 100 |
1 |
|
|a Orr, Alastair.
|
| 245 |
1 |
4 |
|a The Treadle pump :
|b manual of irrigation for small farmers in Bangladesh /
|c Alastair Orr, A.S.M. Nazrul Islam, Gunnar Barnes.
|
| 260 |
|
|
|a Dhaka, Bangladesh :
|b Rangpur Dinajpur Rural Service,
|c 1991.
|
| 300 |
|
|
|a xii, 96 p. :
|b ill. ;
|c 23 cm.
|
| 504 |
|
|
|a Includes bibliographical references (p. 77-80).
|
| 541 |
1 |
|
|e 00006404
|
| 650 |
|
0 |
|a Irrigation pumps
|z Bangladesh.
|
| 650 |
|
0 |
|a Pedal-powered mechanisms.
|
| 700 |
2 |
|
|a Nazrul Islam, A. S. M.
|
| 700 |
1 |
|
|a Barnes, Gunnar.
|
| 852 |
4 |
|
|a Ayesha Abed Library
|j General shelf
|
| 999 |
|
|
|c 5590
|d 5590
|
| 952 |
|
|
|0 0
|1 0
|2 ddc
|4 0
|6 627_520000000000000_ORR_1991
|7 0
|9 5486
|a BRACUL
|b BRACUL
|c GEN
|d 2009-11-17
|g 0.00
|l 0
|o 627.52 ORR
|p 3010006404
|r 2009-11-17
|t 1
|w 2009-11-17
|y BK
|x No price found in the accession register.
|